=LDR 00000nam 2200000 4500 =001 INLIS000000000035997 =005 20130612141817 =008 ***********************************Ind** =035 ##$$0010-061300000035997 =041 ##$$a Ind =082 ##$$a 510.076 =090 ##$$a 510.076, Ban a =100 ##$$a Setiawan wawan =245 ##$$a Bank Soal Matematika untuk SMP kelas 1,2, dan 3 =260 ##$$a 2006 $b Bandung =300 ##$$a 208, Ilus, 25 cm =850 ##$$a NBPNMAT =990 ##$$a 10781078 =990 ##$$a 00085107